[Event "Hampstead U2200 Feb 2013"]
[Site "Hampstead, London"]
[Date "2013.02.16"]
[Round "3"]
[White "McCabe, Shane"]
[Black "Pattni, Kishan"]
[Result "1-0"]
[WhiteElo "1890"]
[BlackElo "1728"]
[EventType "swiss"]
[EventRounds "5"]

1. d4 f5 2. Nf3 Nf6 3. Bg5 e6 4. e3 d6 5. Nbd2 h6 6. Bh4 g5 7. Bg3 d5 8. Ne5
Nbd7 9. Be2 h5 10. h3 h4 11. Bh2 Nxe5 12. Bxe5 Bd6 13. Bh5+ Kf8 14. Bxd6+ Qxd6
15. Be2 Bd7 16. c3 Be8 17. Nf3 Ne4 18. Ne5 Ke7 19. Bd3 Bh5 20. Qb3 Rhf8 21.
Qxb7 Nc5 22. Qb4 Qxe5 23. Qxc5+ Qd6 24. Qa5 Rfb8 25. b4 Qb6 26. Qa3 Qd6 27.
Qc1 c6 28. a3 a5 29. O-O Rg8 30. f4 g4 31. Be2 Bf7 32. Qe1 g3 33. Qd2 Kd7 34.
c4 Rgb8 35. c5 Qc7 36. Rfb1 Be8 37. b5 cxb5 38. Bxb5+ Ke7 39. Bxe8 Kxe8 40.
Qd1 Qe7 41. Qh5+ Kd7 42. Qd1 Qd8 43. Qa4+ Ke7 44. Rb5 Qd7 45. Rab1 Qc6 46. Qb3
Rxb5 47. Qxb5 Kd7 48. Kf1 Qxb5+ 49. Rxb5 Ra6 50. Ke2 a4 51. Kd2 Kc6 52. Rb1
Kc7 53. Kc3 Ra8 54. Rb6 {#r} 1-0

[Event "Hampstead U2200 Feb 2013"]
[Site "Hampstead, London"]
[Date "2013.02.16"]
[Round "3"]
[White "Hung, Jake"]
[Black "Walker, Adrian"]
[Result "1-0"]
[WhiteElo "1637"]
[BlackElo "1866"]
[EventType "swiss"]
[EventRounds "5"]

1. c4 e5 2. g3 Nc6 3. Bg2 Bc5 4. Nc3 Nf6 5. e3 O-O 6. Nge2 d6 7. O-O Rb8 8. a3
a5 9. d3 Bg4 10. Bd2 Qd7 11. Re1 Ne7 12. Na4 Ba7 13. Bxa5 b5 14. cxb5 Rxb5 15.
Bd2 Re8 16. b4 d5 17. Nac3 Rb6 18. Qa4 Qxa4 19. Nxa4 Rd6 20. Nc1 e4 21. d4 h6
22. b5 Nh7 23. Bb4 Re6 24. Bc5 Bb6 25. Nb3 Ng5 26. Nc3 Bxc5 27. Nxc5 Rd6 28.
a4 Nf3+ 29. Bxf3 Bxf3 30. a5 Nc8 31. Reb1 g5 32. Nb7 Rd7 33. a6 Nb6 34. Na4
Na8 35. b6 f5 36. Nbc5 Nxb6 37. Nxb6 Rdd8 38. Nb7 Rb8 39. Nd7 f4 40. Nxb8 Rxb8
41. a7 {#r} 1-0

[Event "Hampstead U2200 Feb 2013"]
[Site "Hampstead, London"]
[Date "2013.02.16"]
[Round "3"]
[White "Pink, Joshua"]
[Black "Ngulube, Michael"]
[Result "0-1"]
[WhiteElo "1808"]
[BlackElo "1666"]
[EventType "swiss"]
[EventRounds "5"]

1. e4 e5 2. Nf3 Nc6 3. Bb5 a6 4. Bxc6 dxc6 5. O-O Bg4 6. h3 Bh5 7. g4 Bg6 8.
Nxe5 Qd4 9. Nxg6 hxg6 10. Qf3 O-O-O 11. d3 Bd6 12. Nc3 Nf6 13. Kg2 Rh7 14. Bf4
Bxf4 15. Qxf4 Rdh8 16. Rh1 Kb8 17. Qe3 Qd7 18. f3 Rh4 19. Na4 Nh7 20. Nc5 Qd8
21. f4 Nf6 22. g5 Nh5 23. Raf1 f6 24. Rf3 fxg5 25. fxg5 Qd6 26. Rhf1 Nf4+ 27.
Rxf4 Rxh3 28. Nd7+ Kc8 29. Rf8+ Kxd7 30. Qxh3+ Rxh3 31. R1f7+ Ke6 32. Kxh3 Qc5
33. Rf2 Qxg5 34. Rb8 b6 35. Rg2 Qh5+ 36. Kg3 g5 37. Rf8 Qh4+ 38. Kf3 Qh3+ 39.
Kf2 g4 40. Rf4 Qh4+ 41. Rg3 Qh2+ 42. Rg2 Qxf4+ 43. Ke2 Qf3+ {#R} 0-1

[Event "Hampstead U2200 Feb 2013"]
[Site "Hampstead, London"]
[Date "2013.02.16"]
[Round "3"]
[White "Larios, Rafael"]
[Black "Pyper, Ramsay"]
[Result "0-1"]
[WhiteElo "1600"]
[BlackElo "1794"]
[EventType "swiss"]
[EventRounds "5"]

1. e4 c5 2. Nc3 Nc6 3. f4 g6 4. Nf3 Bg7 5. Bb5 Nh6 6. d3 O-O 7. Bxc6 bxc6 8.
h3 d5 9. O-O Rb8 10. Qe1 Ba6 11. Ne5 Qd6 12. Rb1 f5 13. exf5 Nxf5 14. Ne2 c4
15. g4 cxd3 16. cxd3 Bxe5 17. fxe5 Qc5+ 18. Kh1 Bxd3 19. Ra1 Bxe2 20. Rxf5
Bf3+ 21. Rxf3 Rxf3 22. Bg5 Rxb2 {#R} 0-1

[Event "Hampstead U2200 Feb 2013"]
[Site "Hampstead, London"]
[Date "2013.02.16"]
[Round "3"]
[White "Batkin, Cyril"]
[Black "Ignatovic, Ernest"]
[Result "0-1"]
[WhiteElo "1793"]
[BlackElo "1631"]
[EventType "swiss"]
[EventRounds "5"]

1. e4 e6 2. d4 d5 3. Nc3 dxe4 4. Nxe4 Nd7 5. Nf3 Ngf6 6. Bg5 h6 7. Nxf6+ Nxf6
8. Bh4 c5 9. dxc5 Qxd1+ 10. Rxd1 Bxc5 11. Bxf6 gxf6 12. Bb5+ Ke7 13. O-O a6
14. Bd3 Rb8 15. a3 b5 16. b4 Bb6 17. c4 bxc4 18. Bxc4 Bb7 19. Nd4 Rhg8 20. g3
Rg4 21. Bxa6 Rxd4 22. Bxb7 Rxd1 23. Rxd1 Rxb7 24. a4 Bc7 25. Rc1 Kd7 26. b5
Ra7 27. Rd1+ Bd6 28. Rd4 Ke7 29. Kg2 Bc5 30. Rc4 Kd6 31. f3 Kd5 32. Rf4 Bd4
33. Rh4 Rxa4 34. Rxh6 Kc5 35. Rh7 Ra7 36. Rh5+ Kb6 37. Rh4 Rd7 38. Rh5 Bc5 39.
Rh6 f5 40. Rh8 Kxb5 41. Kh3 Kc4 42. Kh4 f6 43. Kh5 e5 44. Kg6 e4 45. fxe4 fxe4
46. Rh4 Kd3 47. Rh5 Bd4 48. Ra5 e3 49. Ra3+ Bc3 {#R} 0-1

[Event "Hampstead U2200 Feb 2013"]
[Site "Hampstead, London"]
[Date "2013.02.16"]
[Round "3"]
[White "Hudson, Jeremy"]
[Black "Ivanov, George"]
[Result "1-0"]
[WhiteElo "1594"]
[BlackElo "1786"]
[EventType "swiss"]
[EventRounds "5"]

1. c4 e5 2. Nc3 Nc6 3. g3 Bc5 4. Bg2 d6 5. d3 h6 6. Nf3 Nge7 7. O-O O-O 8. a3
f5 9. b4 Bd4 10. Nxd4 Nxd4 11. e3 Ne6 12. f4 exf4 13. gxf4 Qe8 14. Kh1 Ng6 15.
Qe1 Kh8 16. Ra2 Qd8 17. e4 fxe4 18. f5 Nh4 19. fxe6 Nxg2 20. Rxf8+ Qxf8 21.
Rxg2 Qf3 22. Qg3 Qxg3 23. Rxg3 Bxe6 24. Nxe4 Rf8 25. Kg1 Re8 26. Bb2 Re7 27.
Nc3 c5 28. b5 b6 29. Re3 Kg8 30. Nd5 Re8 31. Nc7 Re7 32. Nxe6 Kf7 33. Nd8+ Ke8
34. Rxe7+ Kxe7 35. Nc6+ Ke6 36. Bxg7 h5 37. Nxa7 Kf5 38. Nc8 Kf4 39. Nxb6 Ke3
40. a4 Kxd3 41. a5 Ke4 42. a6 Kf5 43. a7 Kg6 44. Bc3 Kf7 45. a8=Q Ke7 46. Qh8
h4 47. Qf6+ Ke8 48. Nc8 Kd7 49. Nb6+ Kc7 50. Ba5 Kb7 51. Qxd6 Ka7 52. Qc7# 1-0

[Event "Hampstead U2200 Feb 2013"]
[Site "Hampstead, London"]
[Date "2013.02.16"]
[Round "3"]
[White "Price, Andrew"]
[Black "Oyama, Haronobu"]
[Result "1-0"]
[WhiteElo "1874"]
[BlackElo "1584"]
[EventType "swiss"]
[EventRounds "5"]

1. Nf3 Nf6 2. d4 g6 3. Bg5 Bg7 4. Nbd2 h6 5. Bf4 d6 6. h3 Nfd7 7. c3 Nc6 8. e3
e5 9. Bh2 O-O 10. Be2 f5 11. dxe5 Ndxe5 12. Nd4 Bd7 13. Qb3+ Kh8 14. O-O g5
15. N2f3 Nxf3+ 16. Bxf3 Nxd4 17. cxd4 g4 18. hxg4 fxg4 19. Be4 Rb8 20. Rac1
Bf5 21. Bxf5 Rxf5 22. Qe6 Rb5 23. b3 h5 24. Qf7 Rc8 25. d5 Rxd5 26. Qxd5 h4
27. Qh5+ Kg8 28. Qxg4 Qe7 {#r} 1-0

[Event "Hampstead U2200 Feb 2013"]
[Site "Hampstead, London"]
[Date "2013.02.16"]
[Round "3"]
[White "Willmoth, Harrison"]
[Black "Sloan, Cecil"]
[Result "1-0"]
[WhiteElo "1602"]
[BlackElo "1762"]
[EventType "swiss"]
[EventRounds "5"]

1. e4 c5 2. Nf3 g6 3. c3 Bg7 4. d4 cxd4 5. cxd4 d5 6. e5 Nc6 7. Bb5 e6 8. O-O
Nge7 9. Bxc6+ bxc6 10. Bg5 O-O 11. Qd2 Qc7 12. Bf6 Nf5 13. Bxg7 Kxg7 14. Nc3
Qe7 15. h3 Nh4 16. Nh2 h5 17. Na4 f6 18. exf6+ Qxf6 19. Rfe1 Rb8 20. Nc5 Rb4
21. Rad1 Rc4 22. b3 Rc3 23. f3 Rxf3 24. Nxf3 Nxf3+ 25. gxf3 Qxf3 26. Qg2 Qc3
27. Rxe6 Rf6 28. Re7+ Kf8 29. Rxa7 Qe3+ 30. Kh1 Bxh3 31. Nd7+ Bxd7 32. Rxd7
Ke8 33. Rb7 Qf4 34. Qe2+ {#r} 1-0

[Event "Hampstead U2200 Feb 2013"]
[Site "Hampstead, London"]
[Date "2013.02.16"]
[Round "3"]
[White "Springett, Michael"]
[Black "Garland Hoff, Florian"]
[Result "1/2-1/2"]
[WhiteElo "1490"]
[BlackElo "1658"]
[EventType "swiss"]
[EventRounds "5"]

1. e4 e5 2. Nf3 Nc6 3. d4 exd4 4. Nxd4 Bc5 5. Be3 Qf6 6. c3 Nge7 7. Bc4 O-O 8.
O-O Nxd4 9. cxd4 Bb6 10. e5 Qg6 11. Qf3 Nf5 12. Bd3 d6 13. exd6 Bxd4 14. Bxf5
Bxf5 15. Bxd4 Be4 16. Qg3 Qxg3 17. fxg3 cxd6 18. Nc3 Bc6 19. Be3 Rfe8 20. Rfe1
Re6 21. Bf4 Rae8 22. Rxe6 Rxe6 23. Rd1 b5 24. Rxd6 Rxd6 25. Bxd6 a5 26. Ne2 f5
27. Nd4 Be4 28. Nb3 a4 29. Nd4 Kf7 30. b3 axb3 31. Nxb3 Ke6 32. Bc5 Bb1 33.
Nc1 Kd5 34. Bf2 Kc4 35. Kf1 Kc3 36. a3 Kb2 37. Ne2 Kxa3 38. Nf4 Kb3 39. Ne6 g6
40. Nf8 Bd3+ 41. Ke1 Be4 42. Nxh7 Bxg2 43. Be3 Bd5 44. Nf8 Bf7 45. Kf2 Kc4 46.
Kf3 {Remaining moves unreadable, (1/2-1/2, 64).} {#d} 1/2-1/2

[Event "Hampstead U2200 Feb 2013"]
[Site "Hampstead, London"]
[Date "2013.02.16"]
[Round "3"]
[White "Brozel, Sacha"]
[Black "Hung, Dylan"]
[Result "1-0"]
[WhiteElo "1706"]
[BlackElo "1490"]
[EventType "swiss"]
[EventRounds "5"]

1. d4 d5 2. c4 e5 3. dxe5 d4 4. Nf3 Nc6 5. g3 Bb4+ 6. Bd2 Bxd2+ 7. Nbxd2 Bf5
8. Bg2 Nb4 9. Qa4+ Nc6 10. O-O Nge7 11. Nb3 O-O 12. Rad1 Bc2 13. Rd2 Bxb3 14.
Qxb3 Rb8 15. Rfd1 Nf5 16. e4 Nfe7 17. Nxd4 Nxe5 18. Nc6 N7xc6 19. Rxd8 Rfxd8
20. f4 Na5 21. Rxd8+ Rxd8 22. Qc3 Nexc4 23. b3 Nxb3 24. Qxb3 Nb6 25. Qc2 Rc8
26. Bh3 Re8 27. Qxc7 h6 28. a4 Nxa4 29. Qd7 Rb8 30. Qxa4 a6 31. Qd7 b5 32. Qa7
Rd8 33. Qxa6 Rb8 34. e5 b4 35. Qc8+ Rxc8 36. Bxc8 Kf8 37. Bf5 Ke7 38. Kf2 b3
39. Ke3 b2 40. Kd2 f6 41. exf6+ Kxf6 42. Bd3 g5 43. f5 Ke5 44. Kc2 b1=Q+ 45.
Kxb1 Kf6 46. Kc2 Ke5 47. Kc3 Kd5 48. g4 Kc5 49. f6 Kd6 50. f7 Ke7 51. Bg6 Kf8
52. Kd4 Kg7 53. Ke5 Kf8 54. Ke6 h5 55. h3 h4 56. Bf5 Kg7 57. Ke7 Kh8 58. f8=Q#
1-0

[Event "Hampstead U2200 Feb 2013"]
[Site "Hampstead, London"]
[Date "2013.02.16"]
[Round "3"]
[White "Klingher, Dominic"]
[Black "Ungaro, Fabio"]
[Result "0-1"]
[WhiteElo "1642"]
[BlackElo "1700"]
[EventType "swiss"]
[EventRounds "5"]

1. d4 d5 2. c4 dxc4 3. e3 e5 4. Bxc4 exd4 5. Qxd4 Qxd4 6. exd4 Nf6 7. Nc3 Bb4
8. Bd2 O-O 9. O-O-O Nc6 10. a3 Ba5 11. Nb5 Bb6 12. Bf4 Ne4 13. Rf1 Nxd4 14.
Nxc7 Bxc7 15. Bxc7 Bf5 16. g4 Rac8 17. gxf5 Rxc7 18. b3 b5 19. f3 Nd6 20. Rd1
N6xf5 21. Kb1 bxc4 22. b4 c3 23. Ka2 c2 24. Rc1 Rfc8 25. h3 Re8 26. h4 Re1 27.
Nh3 Rxh1 28. Rxh1 Ne2 {#R} 0-1

[Event "Hampstead U2200 Feb 2013"]
[Site "Hampstead, London"]
[Date "2013.02.17"]
[Round "4"]
[White "Jyothilal, Narayanan"]
[Black "Jaunooby, Ali R"]
[Result "1-0"]
[WhiteElo "2054"]
[BlackElo "2189"]
[EventType "swiss"]
[EventRounds "5"]

1. d4 Nf6 2. c4 c5 3. d5 e6 4. Nc3 exd5 5. cxd5 d6 6. e4 g6 7. h3 Bg7 8. Nf3
O-O 9. Bd3 Re8 10. O-O Na6 11. Re1 Rb8 12. Bf4 Nc7 13. a4 a6 14. Bc2 b5 15. e5
Nh5 16. Bh2 b4 17. exd6 Rxe1+ 18. Qxe1 Ne8 19. Ne4 c4 20. Rd1 b3 21. Bb1 Bxb2
22. Ne5 Bxe5 23. Bxe5 Nhf6 24. Nxf6+ Nxf6 25. Bxf6 Qxf6 26. Qe8+ Kg7 27. d7
Bxd7 28. Qxb8 Bxa4 29. Qb4 Bb5 30. d6 Qb2 31. d7 Bxd7 32. Qxc4 Bf5 33. Bxf5
gxf5 34. Qxa6 Qc2 35. Qd3 Qa2 36. Qg3+ Kh6 37. Rd6+ Kh5 38. Qf3+ Kg5 39. h4+
Kxh4 40. Qf4+ {#r} 1-0

[Event "Hampstead U2200 Feb 2013"]
[Site "Hampstead, London"]
[Date "2013.02.17"]
[Round "4"]
[White "Senior, Gary"]
[Black "Prior, Stephen"]
[Result "1-0"]
[WhiteElo "2086"]
[BlackElo "2000"]
[EventType "swiss"]
[EventRounds "5"]

1. e4 d5 2. exd5 Qxd5 3. Nf3 Nf6 4. d4 Bg4 5. Be2 e6 6. h3 Bh5 7. c4 Qa5+ 8.
Nc3 Ne4 9. Qb3 Bb4 10. Bd2 Nxd2 11. Nxd2 Bxe2 12. Kxe2 Nc6 13. Nf3 O-O-O 14.
Rhd1 Rhe8 15. Kf1 Bxc3 16. bxc3 Qa6 17. Qb5 Qa3 18. Rab1 Na5 19. Rb4 a6 20.
Qa4 Qxa4 21. Rxa4 Nc6 22. Re1 Re7 23. Ng5 e5 24. d5 Nb8 25. g4 Nd7 26. Ra5 Nb6
27. Re4 g6 28. Nf3 Rde8 29. g5 Nd7 30. c5 f5 31. Rb4 b6 32. cxb6 Nxb6 33. Rc5
Kd7 34. c4 Ra8 35. Rc6 a5 36. Rb5 Ra7 37. Nd2 Na4 38. Rb3 Kc8 39. d6 Re6 40.
Rd3 {#r} 1-0

[Event "Hampstead U2200 Feb 2013"]
[Site "Hampstead, London"]
[Date "2013.02.17"]
[Round "4"]
[White "Willmoth, Robert"]
[Black "Crichton, Martin"]
[Result "1-0"]
[WhiteElo "2151"]
[BlackElo "1962"]
[EventType "swiss"]
[EventRounds "5"]

1. Nf3 Nf6 2. b3 d5 3. Bb2 Bf5 4. e3 e6 5. g3 Nbd7 6. Bg2 c6 7. O-O Be7 8. Qe2
Qc7 9. d4 O-O 10. c4 Bg4 11. h3 Bh5 12. Nbd2 Ne4 13. g4 Nxd2 14. Nxd2 Bg6 15.
e4 dxe4 16. Nxe4 Bxe4 17. Qxe4 Nf6 18. Qe3 c5 19. d5 exd5 20. cxd5 Rfd8 21.
Be5 Rd6 22. Rfe1 Qd8 23. Rad1 Bf8 24. Bxd6 Bxd6 25. Re2 Qa5 26. Qd2 Qc7 27.
Rde1 Rd8 28. Qd3 h6 29. Qf5 c4 30. h4 cxb3 31. axb3 Bb4 32. Rd1 Qd6 33. Bf3
Bc3 34. g5 hxg5 35. hxg5 Nd7 36. g6 Qxg6+ 37. Qxg6 fxg6 38. d6 b6 39. Bd5+ Kf8
40. Rd3 Nf6 41. Rh3 Nh5 42. Rxc3 {#r} 1-0

[Event "Hampstead U2200 Feb 2013"]
[Site "Hampstead, London"]
[Date "2013.02.17"]
[Round "4"]
[White "Duncan, Patrick"]
[Black "Williamson, Roger"]
[Result "0-1"]
[WhiteElo "2078"]
[BlackElo "2152"]
[EventType "swiss"]
[EventRounds "5"]

1. b3 e5 2. Bb2 Nc6 3. e3 Nf6 4. Nf3 Bd6 5. d3 O-O 6. Nbd2 Re8 7. Be2 Bf8 8.
c4 d5 9. cxd5 Nxd5 10. a3 a5 11. O-O f6 12. Qc2 Nb6 13. Rfd1 Bf5 14. Rac1 Qd7
15. Bf1 Rad8 16. Ne4 Qf7 17. Nfd2 Be6 18. Re1 Be7 19. Rb1 Rd7 20. Nc5 Bxc5 21.
Qxc5 Red8 22. Ba1 Bf5 23. e4 Be6 24. Rec1 Qf8 25. b4 axb4 26. axb4 Qf7 27. b5
Ne7 28. Rc2 Nec8 29. Rbc1 Nd6 30. Qb4 Ne8 31. Bb2 Ra8 32. Ra1 Rdd8 33. Rcc1
Ba2 34. Nc4 Nxc4 35. dxc4 Qf8 36. c5 Bf7 37. Bc4 Bxc4 38. Qxc4+ Qf7 39. Qxf7+
Kxf7 40. Kf1 Rxa1 41. Rxa1 Rd2 42. Bc3 Rc2 43. Ra3 b6 44. cxb6 cxb6 45. Ra7+
{#R} 0-1

[Event "Hampstead U2200 Feb 2013"]
[Site "Hampstead, London"]
[Date "2013.02.17"]
[Round "4"]
[White "Pyper, Ramsay"]
[Black "Buyandalai, Tumen"]
[Result "0-1"]
[WhiteElo "1794"]
[BlackElo "2060"]
[EventType "swiss"]
[EventRounds "5"]

1. e4 d6 2. d4 Nf6 3. Nc3 g6 4. Be3 Bg7 5. Qd2 Ng4 6. Bg5 h6 7. Bf4 Nc6 8. f3
e5 9. dxe5 Ngxe5 10. O-O-O a6 11. Nge2 Nc4 12. Qe1 b5 13. b3 Na3 14. Nd5 Be6
15. Nxc7+ Qxc7 16. Bxd6 Qb6 17. Bxa3 Rc8 18. Bb2 O-O 19. Bxg7 Kxg7 20. Qc3+
Kh7 21. Nf4 b4 22. Qf6 Qc7 23. Nxe6 fxe6 24. Qb2 e5 25. Bc4 Nd4 26. Rhf1 g5
27. Kb1 Qc5 28. Rfe1 Rfd8 29. Qc1 a5 30. Qe3 a4 31. Rc1 axb3 32. cxb3 Qa5 33.
Bd5 Rc3 34. Qf2 Rdc8 35. Bc4 Rc7 36. Qb2 Kg6 37. Red1 Kf6 38. Rd3 Nb5 39.
Rcxc3 bxc3 40. Qf2 Na3+ 41. Kc1 Rxc4 42. bxc4 Qb4 43. Kd1 c2+ 44. Ke2 c1=Q 45.
Rd1 Qbb2+ 46. Ke1 Qxd1+ 47. Kxd1 Qxf2 {#R} 0-1

[Event "Hampstead U2200 Feb 2013"]
[Site "Hampstead, London"]
[Date "2013.02.17"]
[Round "4"]
[White "Villiers, Thomas"]
[Black "Hung, Jake"]
[Result "1-0"]
[WhiteElo "2004"]
[BlackElo "1637"]
[EventType "swiss"]
[EventRounds "5"]

1. c4 c6 2. g3 d5 3. cxd5 cxd5 4. Bg2 Nf6 5. d3 Nc6 6. e3 Bf5 7. Ne2 e6 8. a3
Bd6 9. O-O O-O 10. Nbc3 a6 11. b4 b5 12. Bb2 Qe7 13. e4 dxe4 14. dxe4 Bg6 15.
f4 e5 16. Nd5 Qa7+ 17. Kh1 Nxe4 18. f5 Nf2+ 19. Rxf2 Qxf2 20. fxg6 hxg6 21.
Ndc3 Rac8 22. Qxd6 Rfd8 23. Qc5 Nd4 24. Qxe5 Rxc3 25. Bxc3 Qxe2 26. Bxd4 {#r}
1-0

[Event "Hampstead U2200 Feb 2013"]
[Site "Hampstead, London"]
[Date "2013.02.17"]
[Round "4"]
[White "Botteley, Michael"]
[Black "Hudson, Jeremy"]
[Result "1-0"]
[WhiteElo "1986"]
[BlackElo "1594"]
[EventType "swiss"]
[EventRounds "5"]

1. d4 Nf6 2. Nf3 e6 3. e3 d5 4. Bd3 c5 5. b3 Nc6 6. O-O cxd4 7. exd4 Bd6 8.
Bb2 O-O 9. Nbd2 Nb4 10. Be2 Nd7 11. Re1 Qc7 12. c4 b6 13. a3 Nc6 14. Rc1 Qb8
15. cxd5 Nd8 16. dxe6 Nxe6 17. g3 b5 18. Ne4 Be7 19. d5 Nec5 20. Qd4 f6 21. d6
Nxb3 22. Qd5+ Kh8 23. dxe7 {#r} 1-0

[Event "Hampstead U2200 Feb 2013"]
[Site "Hampstead, London"]
[Date "2013.02.17"]
[Round "4"]
[White "Ngulube, Michael"]
[Black "Hayward, Alan"]
[Result "0-1"]
[WhiteElo "1666"]
[BlackElo "1925"]
[EventType "swiss"]
[EventRounds "5"]

1. d4 d5 2. c4 Nc6 3. Nc3 Nf6 4. cxd5 Nxd5 5. e4 Nxc3 6. bxc3 e5 7. d5 Nb8 8.
Qb3 Nd7 9. Nf3 Bd6 10. Bg5 f6 11. Be3 O-O 12. Bb5 a6 13. Bxd7 Bxd7 14. O-O f5
15. Nd2 f4 16. Bxf4 Rxf4 17. c4 b6 18. g3 Rf7 19. Kg2 Qg5 20. Rad1 Raf8 21. f3
Bc5 22. Rfe1 Rf6 23. Re2 Rh6 24. a3 Rxh2+ {#R} 0-1

[Event "Hampstead U2200 Feb 2013"]
[Site "Hampstead, London"]
[Date "2013.02.17"]
[Round "4"]
[White "Ignatovic, Ernest"]
[Black "McCabe, Shane"]
[Result "1/2-1/2"]
[WhiteElo "1631"]
[BlackElo "1890"]
[EventType "swiss"]
[EventRounds "5"]

1. Nf3 d5 2. d4 Nf6 3. c4 e6 4. g3 Be7 5. Bg2 O-O 6. O-O c6 7. Qc2 Nbd7 8.
Nbd2 b6 9. a3 Bb7 10. b4 Bd6 11. Bb2 Rc8 12. c5 Bb8 13. Rfd1 Ba6 14. e4 dxe4
15. Nxe4 Nxe4 16. Qxe4 Nf6 17. Qh4 Nd5 18. Qh5 Be2 19. Re1 Bd3 20. Ne5 Bxe5
21. Qxe5 Re8 22. Bxd5 exd5 23. Qf4 Qd7 24. Re3 Rxe3 25. Qxe3 Qf5 26. f3 h6 27.
Re1 Bc4 28. Bc1 Qc2 29. Qd2 Qf5 30. Kg2 Kf8 31. Qf4 Qc2+ 32. Bd2 Kg8 33. Re7
Rf8 34. Qe3 Qb1 35. Bc1 Qc2+ 36. Qd2 Qf5 37. Qe3 Qc2+ 38. Qd2 Qa4 39. g4 Ba6
40. Kg3 Bc8 41. Qe2 Be6 42. Bxh6 gxh6 43. Rxe6 fxe6 44. Qxe6+ Kg7 45. Qe5+ Kg6
46. Qe6+ Kg7 47. Qe5+ Kg6 48. Qe6+ Kg7 49. Qe5+ {#d} 1/2-1/2

[Event "Hampstead U2200 Feb 2013"]
[Site "Hampstead, London"]
[Date "2013.02.17"]
[Round "4"]
[White "Levy, Chris"]
[Black "Oyama, Akito"]
[Result "0-1"]
[WhiteElo "1802"]
[BlackElo "1915"]
[EventType "swiss"]
[EventRounds "5"]

1. f4 d5 2. Nf3 c5 3. e3 Nc6 4. Bb5 Bd7 5. b3 e6 6. Bb2 Nf6 7. O-O Bd6 8. d3
O-O 9. Nbd2 a6 10. Bxc6 Bxc6 11. Ne5 Be8 12. Ndf3 Nd7 13. Nxd7 Qxd7 14. Ne5
Qe7 15. Qg4 f6 16. Nf3 e5 17. f5 b5 18. e4 dxe4 19. dxe4 c4 20. Rae1 Ba3 21.
Bc3 cxb3 22. Bd2 bxa2 23. Nh4 Bb2 24. Rf3 a1=Q 25. Rxa1 Bxa1 26. Ng6 Bxg6 27.
fxg6 hxg6 28. Rh3 Bd4+ 29. Kh1 Kf7 30. Rg3 Ke8 31. Bb4 Qxb4 32. Qe6+ Qe7 33.
Qc6+ Kf7 34. Qd5+ Qe6 35. Qb7+ Kg8 36. Rxg6 Qf7 37. Rxg7+ Qxg7 38. Qd5+ Kh8
39. Qe6 Qh6 {#R} 0-1

[Event "Hampstead U2200 Feb 2013"]
[Site "Hampstead, London"]
[Date "2013.02.17"]
[Round "4"]
[White "Price, Andrew"]
[Black "Denney, Simon"]
[Result "1-0"]
[WhiteElo "1874"]
[BlackElo "1674"]
[EventType "swiss"]
[EventRounds "5"]

1. Nf3 f5 2. d4 e6 3. Bg5 Nf6 4. Nbd2 h6 5. Bxf6 Qxf6 6. e4 f4 7. Bd3 b6 8. e5
Qe7 9. Bg6+ Kd8 10. c3 Bb7 11. Qc2 Na6 12. Be4 Bxe4 13. Qxe4 Rb8 14. Qd3 b5
15. a4 Nb4 16. cxb4 Qxb4 17. axb5 Rxb5 18. O-O a5 19. Rfc1 g5 20. Qg6 Qe7 21.
Nc4 Qg7 22. Qxg7 Bxg7 23. Rxa5 Rxa5 24. Nxa5 Rg8 25. Rc4 g4 26. Nd2 f3 27. g3
c6 28. Ne4 Ke7 29. b4 Ra8 30. Kf1 Ra6 31. Ke1 Rb6 32. Kd2 h5 33. Kd3 Bh6 34.
Nf6 {#r} 1-0

[Event "Hampstead U2200 Feb 2013"]
[Site "Hampstead, London"]
[Date "2013.02.17"]
[Round "4"]
[White "Willmoth, Harrison"]
[Black "Walker, Adrian"]
[Result "0-1"]
[WhiteElo "1602"]
[BlackElo "1866"]
[EventType "swiss"]
[EventRounds "5"]

1. e4 e5 2. f4 Bc5 3. Nf3 Nc6 4. Bc4 Nf6 5. d3 d6 6. Nc3 a6 7. a3 O-O 8. f5 h6
9. h3 b5 10. Ba2 Bb7 11. Qe2 Re8 12. Be3 Nd4 13. Bxd4 exd4 14. Nd1 Nxe4 15.
O-O Ng3 16. Qf2 Nxf1 17. Qxf1 Qf6 18. b4 Bb6 19. Nb2 Re7 20. Rd1 Rae8 21. Rd2
Bxf3 22. Qxf3 Re1+ 23. Kh2 R8e3 24. Qf2 Qe5+ {#R} 0-1

[Event "Hampstead U2200 Feb 2013"]
[Site "Hampstead, London"]
[Date "2013.02.17"]
[Round "4"]
[White "Larios, Rafael"]
[Black "Pink, Joshua"]
[Result "1-0"]
[WhiteElo "1600"]
[BlackElo "1808"]
[EventType "swiss"]
[EventRounds "5"]

1. e4 e5 2. Nf3 Nc6 3. d4 exd4 4. Bc4 Nf6 5. e5 d5 6. Bb5 Ne4 7. Nxd4 Bd7 8.
Bxc6 bxc6 9. O-O Be7 10. Nc3 Nxc3 11. bxc3 O-O 12. f4 c5 13. Nf3 c6 14. h3 f6
15. Qe1 fxe5 16. Nxe5 Bf6 17. Bd2 Re8 18. Qg3 Re6 19. Ng4 Bh4 20. Qf3 Qe7 21.
g3 Rg6 22. gxh4 h5 23. f5 hxg4 24. hxg4 Rf8 25. Bg5 Rxg5 26. hxg5 Qxg5 27. Qf4
Rxf5 28. Qxg5 Rxg5 29. Rf4 Bxg4 30. Kf2 c4 31. Rg1 Rh5 32. Rgxg4 Rh1 33. Rg1
Rh2+ 34. Rg2 Rh1 35. Ke3 Ra1 36. Rfg4 Rxa2 37. Rxg7+ Kf8 38. Kd4 a5 39. Ke5
Ra1 40. Rg8+ {#r} 1-0

[Event "Hampstead U2200 Feb 2013"]
[Site "Hampstead, London"]
[Date "2013.02.17"]
[Round "4"]
[White "Koureas, Panicos"]
[Black "Batkin, Cyril"]
[Result "0-1"]
[WhiteElo "1437"]
[BlackElo "1793"]
[EventType "swiss"]
[EventRounds "5"]

1. e4 c5 2. Nc3 e6 3. f4 Nc6 4. Nf3 Qc7 5. g3 a6 6. d3 b5 7. a3 d6 8. Bg2 Bb7
9. O-O Nf6 10. f5 e5 11. Bg5 Be7 12. Qd2 Nd4 13. Bxf6 Bxf6 14. Nxd4 cxd4 15.
Nd5 Bxd5 16. exd5 O-O 17. Rae1 Rfc8 18. Rf2 Qe7 19. Re4 Bg5 20. Qe2 Be3 21.
Rxe3 dxe3 22. Qxe3 Qa7 23. Qd2 Rc7 24. c3 Rac8 25. Qg5 f6 26. Qg4 Qe3 27. h4
Qxd3 28. Rf3 Qd1+ 29. Kh2 Rc4 30. Qh3 e4 31. Rf1 Qd2 32. h5 h6 33. Rf4 e3 {#R}
0-1

[Event "Hampstead U2200 Feb 2013"]
[Site "Hampstead, London"]
[Date "2013.02.17"]
[Round "4"]
[White "Ivanov, George"]
[Black "Pattni, Kishan"]
[Result "1/2-1/2"]
[WhiteElo "1786"]
[BlackElo "1728"]
[EventType "swiss"]
[EventRounds "5"]

1. e4 c5 2. Nf3 Nc6 3. d4 cxd4 4. Nxd4 g6 5. Nc3 Bg7 6. Be3 Nf6 7. h3 d6 8.
Be2 a6 9. O-O h5 10. Qd2 Nxd4 11. Bxd4 Be6 12. Rad1 Qa5 13. Bxf6 Bxf6 14. Nd5
Qxd2 15. Nxf6+ exf6 16. Rxd2 Ke7 17. Rfd1 Rhd8 18. c4 Rac8 19. b3 a5 20. f4 a4
21. Bf3 b5 22. cxb5 axb3 23. axb3 Rc3 24. b6 Rxb3 25. b7 Rxb7 26. e5 Rb6 27.
exd6+ Rbxd6 28. Rxd6 Rxd6 29. Rxd6 Kxd6 30. h4 Bd5 31. Be2 Kc5 32. Kf2 Kd4 33.
Bd1 Be6 34. Kg3 Ke3 35. Bf3 f5 36. Bb7 Bc4 37. Bc6 Ke2 38. Bb7 Kf1 39. Bc6 Bd3
40. Bd5 f6 41. Bf7 Be2 42. Bxg6 Bg4 {#d} 1/2-1/2